000 00713nam a22002057a 4500
999 _c11306
_d11306
003 AR-CdUCM
008 190403b ||||| |||| 00| 0 spa d
040 _aMUNICIPALIDAD PROVINCIAL DEL CUSCO
_cBIBLIOTECA MUNICIPAL DEL CUSCO
082 _a866.41 /
_bG71 / 1945
100 _aGonzales Prada, Manuel
_92388
245 _aEl tonel de diógenes :
_bSeguido de fragmentaria y memoranda /
260 _aMéxico :
_bTezontle,
_c1945.
300 _a242 páginas ;
_c22 cm.
505 _aContenido : El Lima antigua -- La evocación de Zósimo -- Los refranes y la religión ...
650 _aLiteratura
_983
650 _aNarrativa
_967
650 _aLatinoamericano
_914623
942 _2ddc
_cLIBROS
945 _arah